Consagración a la belleza (Record no. 114768)

MARC details
000 -LEADER
campo de control de longitud fija 00866nam a2200193 i 4500
001 - NÚMERO DE CONTROL
campo de control 114768
003 - IDENTIFICADOR DE NÚMERO DE CONTROL
campo de control ES-MaACL
005 - FECHA Y HORA DE LA ÚLTIMA TRANSACCIÓN
campo de control 20240607062957.0
007 - CAMPO FIJO DE DESCRIPCIÓN FÍSICA--INFORMACIÓN GENERAL
campo de control de longitud fija t|
008 - DATOS DE LONGITUD FIJA--INFORMACIÓN GENERAL
campo de control de longitud fija 070326s1947 sp ||||1| spa d
100 1# - ENTRADA PRINCIPAL--NOMBRE DE PERSONA
Nombre de persona Ridruejo, Dionisio,
Fechas asociadas al nombre 1912-1975
9 (RLIN) 97065
245 10 - MENCIÓN DEL TÍTULO
Título Consagración a la belleza
Resto del título : versión taquigráfica del discurso pronunciado en el III Certamen Literario de Castellón de la Plana /
Mención de responsabilidad, etc. por su mantenedor... Dionisio Ridruejo ; [Historia breve de un reinado : oración epilogal pronunciada en el III Certamen Literario de Castellón de la Plana por... Benjamín Fabregat Martí.
260 ## - PUBLICACIÓN, DISTRIBUCIÓN, ETC.
Lugar de publicación, distribución, etc. Castellón de la Plana :
Nombre del editor, distribuidor, etc. [Ayuntamiento],
Fecha de publicación, distribución, etc. 1947.
300 ## - DESCRIPCIÓN FÍSICA
Extensión 39 p. ;
Dimensiones 21 cm.
700 1# - ENTRADA AGREGADA--NOMBRE PERSONAL
Nombre de persona Fabregat Martí, Benjamín.
9 (RLIN) 48568
740 0# - ENTRADA AGREGADA--TÍTULO RELACIONADO/ANALÍTICO NO CONTROLADO
Título relacionado o analítico no controlado Historia breve de un reinado.
852 ## - LOCALIZACIÓN
Ubicación ES-MaACL
Número de control de estantería 1879-F-7
Holdings
Estatus retirado Estado de pérdida Estado de daño No para préstamo Colección Biblioteca de origen Biblioteca actual Ubicación en estantería Fecha de adquisición Fuente de adquisición Total de préstamos Signatura topográfica completa Código de barras Visto por última vez Precio de reemplazo Tipo de ítem Koha
        Colección de folletos Biblioteca del Ateneo de Madrid Biblioteca del Ateneo de Madrid Depósito folletos 17/01/2008     1879-F-7 1119681 23/02/2023 23/02/2023 Folleto